ArtNexus/ (Record no. 3282)

MARC details
000 -LEADER
campo de control de longitud fija 01880nam a22005177a 4500
003 - IDENTIFICADOR DE NÚMERO DE CONTROL
campo de control OSt
005 - FECHA Y HORA DE LA ÚLTIMA TRANSACCIÓN
campo de control 20230322161137.0
008 - DATOS DE LONGITUD FIJA--INFORMACIÓN GENERAL
campo de control de longitud fija 221006b |||||||| |||| 00| 0 eng d
040 ## - FUENTE DE CATALOGACIÓN
Centro/agencia transcriptor Biblioteca Lado V
082 ## - NÚMERO DE LA CLASIFICACIÓN DECIMAL DEWEY
Número de clasificación 701.1
Número de ítem S744a
100 ## - ENTRADA PRINCIPAL--NOMBRE DE PERSONA
9 (RLIN) 795
Nombre de persona Srendni de Birbragher, Celia
Término indicativo de función/relación editora
-- directora
245 ## - MENCIÓN DEL TÍTULO
Título ArtNexus/
260 ## - PUBLICACIÓN, DISTRIBUCIÓN, ETC.
Nombre del editor, distribuidor, etc. Asociación de Revistas Culturales
Fecha de publicación, distribución, etc. 2003
Lugar de publicación, distribución, etc. U.S.A.
-- Colombia
300 ## - DESCRIPCIÓN FÍSICA
Dimensiones 21x28cm
Extensión 184p.
366 ## - INFORMACIÓN SOBRE DISPONIBILIDAD COMERCIAL
Nota spa
490 ## - MENCIÓN DE SERIE
Mención de serie 49
Designación de volumen o secuencia 2
-- 2003
Número Internacional Normalizado para Publicaciones Seriadas 0120 713 X
505 ## - NOTA DE CONTENIDO CON FORMATO
Título Jorge Tacla
Nota de contenido con formato Expanding the field of Painting
505 ## - NOTA DE CONTENIDO CON FORMATO
Título Daros Latin America Collection
505 ## - NOTA DE CONTENIDO CON FORMATO
Título Miguel Angel Rojas
Nota de contenido con formato Tracing the Origins of an Indelible Gaze
505 ## - NOTA DE CONTENIDO CON FORMATO
Título Quisqueta Henriquez
Nota de contenido con formato The city as filter and skin
505 ## - NOTA DE CONTENIDO CON FORMATO
Título Milagros de la Torre
505 ## - NOTA DE CONTENIDO CON FORMATO
Título Antonieta Sosa
Nota de contenido con formato Paintings, objets, actions and installations
505 ## - NOTA DE CONTENIDO CON FORMATO
Título Gullermo Kuitca
505 ## - NOTA DE CONTENIDO CON FORMATO
Título Francis Picabia
Nota de contenido con formato Singular Ideal
505 ## - NOTA DE CONTENIDO CON FORMATO
Título Multiple City
505 ## - NOTA DE CONTENIDO CON FORMATO
Título Matthew Barney
505 ## - NOTA DE CONTENIDO CON FORMATO
Título ARCO
505 ## - NOTA DE CONTENIDO CON FORMATO
Título Armory Show, Scope
505 ## - NOTA DE CONTENIDO CON FORMATO
Título Muestra
505 ## - NOTA DE CONTENIDO CON FORMATO
Título Cronicas Individuales
505 ## - NOTA DE CONTENIDO CON FORMATO
Título Exposiciones Colectivas
505 ## - NOTA DE CONTENIDO CON FORMATO
Título Libros y Catalogos
505 ## - NOTA DE CONTENIDO CON FORMATO
Título Guía de Galerías y Museos
505 ## - NOTA DE CONTENIDO CON FORMATO
Título Reseña de libros
505 ## - NOTA DE CONTENIDO CON FORMATO
Título Francis Alys
650 ## - PUNTO DE ACCESO ADICIONAL DE MATERIA--TÉRMINO DE MATERIA
Fuente del encabezamiento o término Tesauro de Arte & Arquitectura
Término de materia o nombre geográfico como elemento de entrada ARTE
9 (RLIN) 703
650 ## - PUNTO DE ACCESO ADICIONAL DE MATERIA--TÉRMINO DE MATERIA
Fuente del encabezamiento o término Tesauro de Arte & Arquitectura
Término de materia o nombre geográfico como elemento de entrada EXPOSICIONES
650 ## - PUNTO DE ACCESO ADICIONAL DE MATERIA--TÉRMINO DE MATERIA
Fuente del encabezamiento o término Tesauro de Arte & Arquitectura
Término de materia o nombre geográfico como elemento de entrada BIENAL
650 ## - PUNTO DE ACCESO ADICIONAL DE MATERIA--TÉRMINO DE MATERIA
Fuente del encabezamiento o término Tesauro de Arte & Arquitectura
Término de materia o nombre geográfico como elemento de entrada APRECIACION
650 ## - PUNTO DE ACCESO ADICIONAL DE MATERIA--TÉRMINO DE MATERIA
Fuente del encabezamiento o término Tesauro de Arte & Arquitectura
Término de materia o nombre geográfico como elemento de entrada TEORIA
650 ## - PUNTO DE ACCESO ADICIONAL DE MATERIA--TÉRMINO DE MATERIA
Fuente del encabezamiento o término Tesauro de Arte & Arquitectura
Término de materia o nombre geográfico como elemento de entrada CRITICA
650 ## - PUNTO DE ACCESO ADICIONAL DE MATERIA--TÉRMINO DE MATERIA
Fuente del encabezamiento o término Tesauro de Arte & Arquitectura
Término de materia o nombre geográfico como elemento de entrada FOTOGRAFIA
9 (RLIN) 702
650 ## - PUNTO DE ACCESO ADICIONAL DE MATERIA--TÉRMINO DE MATERIA
Fuente del encabezamiento o término Tesauro de Arte & Arquitectura
Término de materia o nombre geográfico como elemento de entrada LITERATURA
651 ## - PUNTO DE ACCESO ADICIONAL DE MATERIA--NOMBRE GEOGRÁFICO
Fuente del encabezamiento o término Tesauro de Arte & Arquitectura
Nombre geográfico COLOMBIA
942 ## - ELEMENTOS DE ENTRADA SECUNDARIOS (KOHA)
Fuente del sistema de clasificación o colocación Clasificación Decimal Dewey
Tipo de ítem Koha Libros
Parte de la signatura que corresponde a la clasificación (Parte de la clasificación) 701.1
Parte de la signatura que identifica el ejemplar (Parte del ítem) S744a
Suprimir en OPAC No

No items available.